00427nam a2200169Ia 4500008004100000020002200041041000800063082002500071100001500096245003500111250001200146260003900158300000900197500000800206650001500214700002800229230125s9999 xx 000 0 und d a978-81-317-8746-5 aeng a658.4038011bLAU/LAU aLaudon K C aManagement Information Systems a12th ed c2014bPearson EducationaNew Delhi a596p aMIS aManagement aLaudon K C & Laudon J P